[Event "Santiago de Surco Cup Santa Maria 1st"]
[Site "Santiago de Surco"]
[Date "2016.12.08"]
[Round "5.6"]
[White "Garcia Benavides, Omar"]
[Black "Silva Bocanegra, Miguel"]
[Result "1-0"]
[WhiteElo "2030"]
[BlackElo "1780"]
[PlyCount "49"]
[EventDate "2016.11.26"]
[EventType "swiss"]
[EventRounds "7"]
[EventCountry "PER"]
[SourceTitle "EXT 2024"]
[Source "ChessBase"]
[SourceDate "2023.10.10"]
[SourceVersion "1"]
[SourceVersionDate "2023.10.10"]
[SourceQuality "1"]

1. e4 e6 2. Nf3 d5 3. e5 c5 4. b4 cxb4 5. d4 Nc6 6. a3 Qb6 7. Be2 Nge7 8. axb4 Nxb4 9. c3 Nbc6 10. 0-0 Ng6 11. h4 Be7 12. g3 0-0 13. h5 Nh8 14. Ba3 f6 15. Bxe7 Nxe7 16. Bd3 fxe5 17. Nxe5 Nf7 18. Nxf7 Rxf7 19. Qc2 Nf5 20. Re1 Bd7 21. Nd2 Rc8 22. Nf3 h6 23. g4 Nd6 24. Bh7+ Kf8 25. Ne5 1-0

[Event "San Borja Nombre de Jesus III"]
[Site "San Borja"]
[Date "2015.08.12"]
[Round "2"]
[White "Ugarelli, Juan"]
[Black "Silva Bocanegra, Miguel"]
[Result "1-0"]
[WhiteElo "1505"]
[BlackElo "1869"]
[PlyCount "107"]
[EventDate "2015.08.12"]
[EventType "swiss"]
[EventRounds "8"]
[EventCountry "PER"]
[SourceTitle "EXT 2024"]
[Source "ChessBase"]
[SourceDate "2023.10.10"]
[SourceVersion "1"]
[SourceVersionDate "2023.10.10"]
[SourceQuality "1"]

1. e4 e6 2. d4 d5 3. exd5 exd5 4. Bd3 Bd6 5. Nf3 Bg4 6. Be3 Nf6 7. Nbd2 Nbd7 8. c3 0-0 9. Qb3 b6 10. h3 Bxf3 11. Nxf3 c5 12. Bb1 Qc7 13. 0-0 Rfe8 14. Qc2 Rac8 15. Qf5 Qc6 16. Bc2 h6 17. Rae1 g6 18. Qd3 c4 19. Qd2 h5 20. Bh6 Ne4 21. Bxe4 dxe4 22. Nh4 Qd5 23. g3 Be7 24. Be3 Bxh4 25. gxh4 Qf5 26. Kh2 Nf6 27. Rg1 Kh7 28. Rg3 Nd5 29. Rg5 Qe6 30. Reg1 Qd6+ 31. R5g3 Rg8 32. Kh1 f5 33. Bg5 f4 34. R3g2 Rcf8 35. Re1 Qe6 36. Kh2 Qf5 37. Qc2 Re8 38. Qa4 e3 39. f3 Rc8 40. Rge2 Rc7 41. Qa3 Qd7 42. Qa6 Kg7 43. Qa3 Rf8 44. Bh6+ Kxh6 45. Qxf8+ Kh7 46. Rg1 Qf7 47. Qa3 Qf5 48. Rg5 Qd3 49. Rgg2 Nf6 50. Qd6 Rf7 51. Qe6 Kg7 52. a3 b5 53. Qe5 a6 54. Qg5 1-0

[Event "PER-ch"]
[Site "Lima"]
[Date "2015.05.03"]
[Round "7"]
[White "Garcia Armas, Oscar"]
[Black "Silva Bocanegra, Miguel"]
[Result "0-1"]
[WhiteElo "1667"]
[BlackElo "1869"]
[PlyCount "23"]
[EventDate "2015.04.30"]
[EventType "swiss"]
[EventRounds "8"]
[EventCountry "PER"]
[SourceTitle "CBM 166 Extra"]
[Source "ChessBase"]
[SourceDate "2015.06.18"]
[SourceVersion "1"]
[SourceVersionDate "2015.06.18"]
[SourceQuality "1"]

1. c4 e6 2. g3 Nf6 3. Bg2 d5 4. d4 Be7 5. Nc3 c6 6. b3 0-0 7. Nf3 Nbd7 8. 0-0 b6 9. Qc2 Ba6 10. Nd2 Rc8 11. Re1 c5 12. e4 0-1

[Event "PER-ch"]
[Site "Lima"]
[Date "2015.05.03"]
[Round "8"]
[White "Silva Bocanegra, Miguel"]
[Black "Pizzardo, Salvador"]
[Result "1-0"]
[WhiteElo "1869"]
[BlackElo "2049"]
[PlyCount "73"]
[EventDate "2015.04.30"]
[EventType "swiss"]
[EventRounds "8"]
[EventCountry "PER"]
[SourceTitle "CBM 166 Extra"]
[Source "ChessBase"]
[SourceDate "2015.06.18"]
[SourceVersion "1"]
[SourceVersionDate "2015.06.18"]
[SourceQuality "1"]

1. e4 e6 2. d4 d5 3. e5 c5 4. c3 Nc6 5. Nf3 Qb6 6. a3 Nh6 7. b4 cxd4 8. cxd4 Nf5 9. Bb2 Be7 10. Bd3 0-0 11. Bxf5 exf5 12. Nc3 Be6 13. 0-0 Rfc8 14. Na4 Qb5 15. Nc5 b6 16. a4 Qxb4 17. Ba3 Qc3 18. Nxe6 Bxa3 19. Nf4 Nb4 20. Ne2 Qb2 21. Ne1 Nc2 22. Rb1 Qa2 23. Nxc2 Rxc2 24. Ng3 g6 25. Ra1 Qc4 26. Rxa3 f4 27. Nh1 Rc8 28. Ra1 Rc3 29. e6 fxe6 30. Qg4 Qxd4 31. Qxe6+ Kh8 32. h4 f3 33. g3 Rc2 34. Rfd1 Rd2 35. Re1 Rcc2 36. Qe8+ Kg7 37. Re7+ 1-0

[Event "PER-ch"]
[Site "Lima"]
[Date "2015.05.02"]
[Round "5"]
[White "Pena Morales, Hugo"]
[Black "Silva Bocanegra, Miguel"]
[Result "1-0"]
[WhiteElo "2185"]
[BlackElo "1869"]
[PlyCount "63"]
[EventDate "2015.04.30"]
[EventType "swiss"]
[EventRounds "8"]
[EventCountry "PER"]
[SourceTitle "CBM 166 Extra"]
[Source "ChessBase"]
[SourceDate "2015.06.18"]
[SourceVersion "1"]
[SourceVersionDate "2015.06.18"]
[SourceQuality "1"]

1. e4 e6 2. d4 d5 3. Nc3 Bb4 4. e5 c5 5. Qg4 Ne7 6. dxc5 Bxc3+ 7. bxc3 Qa5 8. Bd2 0-0 9. Nf3 Nbc6 10. Bd3 Ng6 11. Qh5 Qc7 12. 0-0 Ncxe5 13. Nxe5 Qxc5 14. Nf3 Qe7 15. Ng5 h6 16. Nxf7 Qxf7 17. Qxg6 Qxg6 18. Bxg6 Rf6 19. Bd3 e5 20. f3 Bd7 21. Rfe1 Re8 22. Rab1 Bc6 23. Bb5 e4 24. fxe4 dxe4 25. Bxc6 bxc6 26. Rb7 Rd8 27. Be3 a5 28. Bd4 Rf7 29. Rxf7 Kxf7 30. Rxe4 g5 31. Re5 Ra8 32. a4 1-0